000 00955nam a2200205Ia 4500
003 Ost
005 20260507075557.0
008 260507s9999||||xx |||||||||||||| ||und||
040 _cfsecg
041 _aara
082 _a330
100 _aعودة، رياض صالح
_eمؤلف
245 0 _aمقدمة في الاقتصاد الاسلامي /
_c رياض صالح عودة
260 _aبيروت:
_bدار الهادي للطباعة والنشروالتوزيع,
_c2005
300 _a344 صفحة؛
_bإيضاحات ؛
_c24 سم
504 _aمراجع ص.331
520 _aطبيعة و مصادر التشريع في الاقتصاد الاسلامي اضافة الى الجانب المالي في الاقتصاد الاسلامي و كذا الفقر و التخلف الاقتصادي, الانفاق, الانتاج و في الاخير التنمية الاقتصادية.
653 _aاقتصاد اسلامي
942 _cكتاب
999 _c44969
_d44969